[Event "Oberliga Ost B 2023 2024"]
[Site "?"]
[Date "2023.12.02"]
[Round "2.6"]
[Board "6"]
[White "Erdmann, Stefan"]
[Black "Rolle, Eric"]
[Result "1-0"]
[WhiteElo "2099"]
[BlackElo "2135"]
[PlyCount "77"]
[EventDate "2023.10.22"]
[EventType "team-tourn"]
[EventCountry "GER"]
[WhiteTeam "Homburg Bad SK"]
[BlackTeam "Marburg SK"]
[WhiteTeamCountry "GER"]
[BlackTeamCountry "GER"]

1. d4 Nf6 2. c4 e6 3. g3 Bb4+ 4. Bd2 c5 5. Bxb4 cxb4 6. Bg2 O-O 7. e4 d6 8. Ne2 e5 9. a3 Na6 10. O-O Re8 11. h3 Qb6 12. axb4 Qxb4 13. b3 exd4 14. Rxa6 bxa6 15. e5 d3 16. Qxd3 d5 17. exf6 dxc4 18. bxc4 Rb8 19. fxg7 Be6 20. Bd5 Bxd5 21. cxd5 Qb5 22. Nf4 Red8 23. Qf5 Qb2 24. Nh5 Rd6 25. Qf4 Qb4 26. Nf6+ Kxg7 27. Ne8+ Kf8 28. Nxd6 Qxf4 29. gxf4 Rd8 30. Nc4 Rxd5 31. Nbd2 Rf5 32. Ra1 Rf6 33. Kg2 Ke7 34. Kf3 Kd7 35. Ne4 Rh6 36. Ne5+ Kc7 37. Nxf7 Rxh3+ 38. Ng3 Kb6 39. f5 1-0

[Event "Oberliga Ost B 2023 2024"]
[Site "?"]
[Date "2023.12.02"]
[Round "2.6"]
[Board "7"]
[White "Duncker, Joachim"]
[Black "Dunsbach, Ralf"]
[Result "1/2-1/2"]
[WhiteElo "2148"]
[BlackElo "2074"]
[PlyCount "114"]
[EventDate "2023.10.22"]
[EventType "team-tourn"]
[EventCountry "GER"]
[WhiteTeam "Marburg SK"]
[BlackTeam "Homburg Bad SK"]
[WhiteTeamCountry "GER"]
[BlackTeamCountry "GER"]

1. d4 Nf6 2. Nf3 b6 3. Bf4 Bb7 4. e3 e6 5. Be2 Be7 6. h3 O-O 7. O-O c5 8. c3 d6 9. a4 Nc6 10. Na3 d5 11. Bh2 Rc8 12. Ne5 a6 13. Bd3 Nxe5 14. dxe5 Ne8 15. Qe2 Nc7 16. Rfd1 Qe8 17. Nb1 Qc6 18. Nd2 b5 19. Qg4 Ne8 20. axb5 axb5 21. Ra5 c4 22. Bf1 f5 23. Qe2 Nc7 24. Nf3 Ra8 25. Raa1 Qb6 26. Nd4 b4 27. g4 Nb5 28. Rxa8 Bxa8 29. gxf5 Nxd4 30. exd4 Rxf5 31. Ra1 Bb7 32. Bg3 Rf8 33. Qd1 Ra8 34. Rxa8+ Bxa8 35. Qa1 Bb7 36. h4 Qa6 37. Qxa6 Bxa6 38. cxb4 Bxb4 39. Bf4 Bc8 40. Be2 Bd7 41. Bd1 Bb5 42. Bc2 Be8 43. Kg2 Bg6 44. Bxg6 hxg6 45. Kf3 Kf7 46. Ke2 Bf8 47. Bg5 Bb4 48. Kd1 Ba5 49. Kc2 Be1 50. Be3 Ke8 51. Kd1 Ba5 52. Kc2 Be1 53. Kd1 Ba5 54. Ke2 Bd8 55. Bg5 Bb6 56. Be3 Bd8 57. Bg5 Bb6 1/2-1/2

[Event "Oberliga Ost B 2023 2024"]
[Site "?"]
[Date "2023.12.03"]
[Round "3.1"]
[Board "1"]
[White "Mazurek, Robert"]
[Black "Sadzikowski, Daniel"]
[Result "0-1"]
[WhiteElo "2231"]
[BlackElo "2495"]
[PlyCount "90"]
[EventDate "2023.10.22"]
[EventType "team-tourn"]
[EventCountry "GER"]
[WhiteTeam "Gernsheim SK"]
[BlackTeam "Heusenstamm SC"]
[WhiteTeamCountry "GER"]
[BlackTeamCountry "GER"]

1. d4 Nf6 2. c4 e6 3. Nc3 Bb4 4. Bg5 c5 5. d5 d6 6. e3 Bxc3+ 7. bxc3 h6 8. Bh4 e5 9. Qc2 g5 10. Bg3 Qe7 11. Nf3 e4 12. Nd2 Bf5 13. Be2 Nbd7 14. h4 Rg8 15. hxg5 hxg5 16. Rh6 Bg6 17. O-O-O Kf8 18. Rdh1 Kg7 19. Qd1 Rh8 20. Rxh8 Rxh8 21. Rxh8 Kxh8 22. Qh1+ Kg7 23. Qh2 Ne8 24. Bd1 a6 25. a4 f5 26. Bc2 Ndf6 27. Bd1 f4 28. exf4 e3 29. f3 exd2+ 30. Kxd2 Nh5 31. Bf2 Nxf4 32. g3 Nd3 33. Be3 Nf6 34. Qh3 Ne5 35. Be2 g4 36. fxg4 Nfxg4 37. Bf4 Nf2 38. Bh6+ Kg8 39. Qc8+ Kh7 40. Bf8 Qg5+ 41. Ke1 Nfd3+ 42. Kf1 Qf6+ 43. Kg1 Qf2+ 44. Kh1 Be4+ 45. Bf3 Bxf3# 0-1

[Event "Oberliga Ost B 2023 2024"]
[Site "?"]
[Date "2023.12.03"]
[Round "3.1"]
[Board "2"]
[White "Poetsch, Hagen"]
[Black "Hebbering, Tom Elliot"]
[Result "1-0"]
[WhiteElo "2470"]
[BlackElo "2204"]
[PlyCount "59"]
[EventDate "2023.10.22"]
[EventType "team-tourn"]
[EventCountry "GER"]
[WhiteTeam "Heusenstamm SC"]
[BlackTeam "Gernsheim SK"]
[WhiteTeamCountry "GER"]
[BlackTeamCountry "GER"]

1. e4 c5 2. Nf3 e6 3. d4 cxd4 4. Nxd4 Nc6 5. Nc3 Nf6 6. Nxc6 bxc6 7. e5 Nd5 8. Ne4 Qc7 9. f4 Qb6 10. a3 Ba6 11. c4 Ne3 12. Qd3 Nxf1 13. Rxf1 c5 14. Be3 Bb7 15. O-O-O Rd8 16. f5 exf5 17. Rxf5 Be7 18. Nd6+ Bxd6 19. exd6 O-O 20. Bh6 gxh6 21. Qg3+ Kh8 22. Rdf1 Qa6 23. Qc3+ Kg8 24. Qg3+ Kh8 25. Qe5+ f6 26. Rxf6 Qxc4+ 27. Kd2 Rxf6 28. Qxf6+ Kg8 29. Qxd8+ Kg7 30. Qf6+ 1-0

[Event "Oberliga Ost B 2023 2024"]
[Site "?"]
[Date "2023.12.03"]
[Round "3.1"]
[Board "3"]
[White "Dietz, Holger"]
[Black "Zuyev, Igor"]
[Result "1/2-1/2"]
[WhiteElo "2264"]
[BlackElo "2454"]
[PlyCount "32"]
[EventDate "2023.10.22"]
[EventType "team-tourn"]
[EventCountry "GER"]
[WhiteTeam "Gernsheim SK"]
[BlackTeam "Heusenstamm SC"]
[WhiteTeamCountry "GER"]
[BlackTeamCountry "GER"]

1. e4 c5 2. Nf3 g6 3. c4 Nc6 4. d4 cxd4 5. Nxd4 Nf6 6. Nc3 d6 7. Be2 Nxd4 8. Qxd4 Bg7 9. Be3 O-O 10. Qd2 Be6 11. f3 Qa5 12. Nd5 Qxd2+ 13. Kxd2 Nxd5 14. cxd5 Bd7 15. Rac1 Rfc8 16. Rxc8+ Rxc8 1/2-1/2

[Event "Oberliga Ost B 2023 2024"]
[Site "?"]
[Date "2023.12.03"]
[Round "3.1"]
[Board "4"]
[White "Solonar, Stefan"]
[Black "Braun, Vitali"]
[Result "1-0"]
[WhiteElo "2265"]
[BlackElo "2343"]
[PlyCount "69"]
[EventDate "2023.10.22"]
[EventType "team-tourn"]
[EventCountry "GER"]
[WhiteTeam "Heusenstamm SC"]
[BlackTeam "Gernsheim SK"]
[WhiteTeamCountry "GER"]
[BlackTeamCountry "GER"]

1. c4 e5 2. Nc3 Nf6 3. Nf3 Nc6 4. g3 d5 5. cxd5 Nxd5 6. Bg2 Nb6 7. O-O Be7 8. a3 O-O 9. b4 Be6 10. d3 f5 11. Bb2 Bf6 12. b5 Nd4 13. Nd2 Nd5 14. Bxd5 Bxd5 15. e3 Bf7 16. exd4 exd4 17. Ne2 Qd7 18. a4 a6 19. Nf3 axb5 20. axb5 Qxb5 21. Rxa8 Rxa8 22. Bxd4 Bxd4 23. Nfxd4 Qd5 24. Nc2 Rd8 25. Nf4 Qd6 26. h4 c5 27. Ne3 g6 28. Qb1 Qa6 29. Rc1 b6 30. Qb2 Rd4 31. Nc2 Ra4 32. Qe5 Qb7 33. Ne6 Bxe6 34. Qxe6+ Kg7 35. Rb1 1-0

[Event "Oberliga Ost B 2023 2024"]
[Site "?"]
[Date "2023.12.03"]
[Round "3.1"]
[Board "5"]
[White "Peterson, Emery"]
[Black "Klundt, Klaus"]
[Result "1/2-1/2"]
[WhiteElo "2171"]
[BlackElo "2268"]
[PlyCount "74"]
[EventDate "2023.10.22"]
[EventType "team-tourn"]
[EventCountry "GER"]
[WhiteTeam "Gernsheim SK"]
[BlackTeam "Heusenstamm SC"]
[WhiteTeamCountry "GER"]
[BlackTeamCountry "GER"]

1. e4 c5 2. Nc3 e6 3. g3 Nc6 4. Bg2 g6 5. f4 Bg7 6. d3 Nge7 7. Nf3 d6 8. O-O O-O 9. Kh1 Rb8 10. Be3 b6 11. d4 d5 12. e5 Nf5 13. Bf2 Ncxd4 14. Nxd4 Nxd4 15. Bxd4 cxd4 16. Qxd4 Bd7 17. Rfe1 Rc8 18. Rad1 Rc7 19. Rd2 Qe7 20. Nd1 Qc5 21. c3 Qxd4 22. Rxd4 b5 23. Ne3 a5 24. Ng4 Rb8 25. a3 Rc4 26. Red1 Rxd4 27. Rxd4 Bc6 28. Nf6+ Kh8 29. h4 Bf8 30. h5 Bc5 31. Rd1 Kg7 32. g4 h6 33. hxg6 Kxg6 34. Kh2 Be7 35. Nh5 Be8 36. Bf1 Kh7 37. Kg3 b4 1/2-1/2

[Event "Oberliga Ost B 2023 2024"]
[Site "?"]
[Date "2023.12.03"]
[Round "3.1"]
[Board "6"]
[White "Roeschlau, Bernd"]
[Black "Schupp, Uwe"]
[Result "0-1"]
[WhiteElo "2217"]
[BlackElo "2062"]
[PlyCount "66"]
[EventDate "2023.10.22"]
[EventType "team-tourn"]
[EventCountry "GER"]
[WhiteTeam "Heusenstamm SC"]
[BlackTeam "Gernsheim SK"]
[WhiteTeamCountry "GER"]
[BlackTeamCountry "GER"]

1. d4 d6 2. c4 e5 3. dxe5 dxe5 4. Qxd8+ Kxd8 5. Nf3 f6 6. Rg1 Be6 7. e3 Nd7 8. Nc3 c6 9. g4 a5 10. b3 Nc5 11. Nd2 Nh6 12. Be2 Kc7 13. Bb2 Rd8 14. O-O-O Nd3+ 15. Bxd3 Rxd3 16. g5 Nf5 17. Nde4 Rxd1+ 18. Nxd1 Be7 19. f4 exf4 20. gxf6 gxf6 21. Nxf6 fxe3 22. Nd5+ cxd5 23. Bxh8 d4 24. Nb2 Bb4 25. Nd3 Bc3 26. Nf4 Kd6 27. Kc2 Nh4 28. Nxe6 Kxe6 29. Kd1 Kf5 30. Ke2 Ng6 31. Kf3 Nxh8 32. h4 Nf7 33. Ke2 Ne5 0-1

[Event "Oberliga Ost B 2023 2024"]
[Site "?"]
[Date "2023.12.03"]
[Round "3.1"]
[Board "7"]
[White "Rosenberger, Frank"]
[Black "Flach, Erich"]
[Result "0-1"]
[WhiteElo "2014"]
[BlackElo "2070"]
[PlyCount "78"]
[EventDate "2023.10.22"]
[EventType "team-tourn"]
[EventCountry "GER"]
[WhiteTeam "Gernsheim SK"]
[BlackTeam "Heusenstamm SC"]
[WhiteTeamCountry "GER"]
[BlackTeamCountry "GER"]

1. e4 c5 2. Nf3 e6 3. Nc3 a6 4. d4 cxd4 5. Nxd4 Qc7 6. Bd3 Nf6 7. O-O d6 8. a4 Nc6 9. Nb3 b6 10. f4 Be7 11. Qe2 O-O 12. Be3 Bb7 13. Rae1 Nb4 14. Kh1 d5 15. e5 Ne4 16. Bd4 g6 17. Rf3 Nc5 18. Nd2 Ncxd3 19. Rxd3 Nxc2 20. Rf1 Nxd4 21. Rxd4 b5 22. f5 gxf5 23. Rf3 Kh8 24. Rh3 Rg8 25. Nf3 b4 26. Nd1 Qc1 27. Rd2 Rac8 28. Nd4 Rg7 29. Nb3 Qc4 30. Qf2 Qe4 31. Re3 Qb1 32. Re1 d4 33. Qf1 Bh4 34. Nf2 Qxe1 35. Qxe1 Rxg2 36. Na5 Ba8 37. Rxd4 Rxf2+ 38. Kg1 Rg2+ 39. Kf1 Bxe1 0-1

[Event "Oberliga Ost B 2023 2024"]
[Site "?"]
[Date "2023.12.03"]
[Round "3.1"]
[Board "8"]
[White "Benninger, Rudolf"]
[Black "Krinke, Michael"]
[Result "1/2-1/2"]
[WhiteElo "1994"]
[BlackElo "1947"]
[PlyCount "30"]
[EventDate "2023.10.22"]
[EventType "team-tourn"]
[EventCountry "GER"]
[WhiteTeam "Heusenstamm SC"]
[BlackTeam "Gernsheim SK"]
[WhiteTeamCountry "GER"]
[BlackTeamCountry "GER"]

1. e4 Nf6 2. e5 Nd5 3. d4 d6 4. c4 Nb6 5. exd6 cxd6 6. Nc3 Nc6 7. Be3 g6 8. Rc1 Bg7 9. b3 O-O 10. d5 Ne5 11. Be2 h5 12. h3 f5 13. f4 Nf7 14. Nf3 e5 15. O-O Re8 1/2-1/2

[Event "Oberliga Ost B 2023 2024"]
[Site "?"]
[Date "2023.12.03"]
[Round "3.2"]
[Board "1"]
[White "Kunin, Vitaly"]
[Black "Womacka, Mathias"]
[Result "1/2-1/2"]
[WhiteElo "2534"]
[BlackElo "2354"]
[PlyCount "98"]
[EventDate "2023.10.22"]
[EventType "team-tourn"]
[EventCountry "GER"]
[WhiteTeam "Moerlenbach Birkenau Freibauer"]
[BlackTeam "Hofheim SV II"]
[WhiteTeamCountry "GER"]
[BlackTeamCountry "GER"]

1. d4 Nf6 2. c4 e6 3. Nf3 Bb4+ 4. Nbd2 O-O 5. a3 Be7 6. e4 d5 7. e5 Nfd7 8. b4 a5 9. b5 c5 10. cxd5 exd5 11. Bd3 cxd4 12. Nb3 a4 13. Nbxd4 Nc5 14. Bc2 Bg4 15. h3 Bh5 16. O-O Nbd7 17. Re1 Ne4 18. Bf4 Bc5 19. Bxe4 dxe4 20. Rxe4 Nb6 21. e6 fxe6 22. Qe1 Bxf3 23. Nxf3 Qd7 24. Qe2 Nd5 25. Be5 Rf5 26. Qb2 Nf6 27. Re2 Qd3 28. Rd2 Qb3 29. Qc1 Qxb5 30. Rc2 b6 31. Nd4 Bxd4 32. Bxd4 Nd5 33. Rc8+ Rf8 34. Qg5 Qd7 35. Rxa8 Rxa8 36. Re1 Re8 37. Re4 Re7 38. Rg4 Rf7 39. Qe5 Nf6 40. Rg3 b5 41. Rc3 Nd5 42. Rc2 h6 43. g3 Rf5 44. Qe4 Nf6 45. Bxf6 Rxf6 46. Re2 Qd5 47. Qxd5 exd5 48. Re5 Rf3 49. Rxd5 Rxa3 1/2-1/2

[Event "Oberliga Ost B 2023 2024"]
[Site "?"]
[Date "2023.12.03"]
[Round "3.2"]
[Board "2"]
[White "Plenca, Jadranko"]
[Black "Galdunts, Sergey"]
[Result "1-0"]
[WhiteElo "2432"]
[BlackElo "2393"]
[PlyCount "59"]
[EventDate "2023.10.22"]
[EventType "team-tourn"]
[EventCountry "GER"]
[WhiteTeam "Hofheim SV II"]
[BlackTeam "Moerlenbach Birkenau Freibauer"]
[WhiteTeamCountry "GER"]
[BlackTeamCountry "GER"]

1. e4 e5 2. Nf3 Nc6 3. Bb5 a6 4. Ba4 Nf6 5. d3 d6 6. c4 Be7 7. Nc3 O-O 8. h3 Nd7 9. Be3 Re8 10. O-O Bf8 11. d4 exd4 12. Nxd4 Nce5 13. Qe2 c6 14. f4 Ng6 15. Bc2 a5 16. Rad1 Qc7 17. Nf5 Nc5 18. Qd2 Bxf5 19. exf5 Nh8 20. f6 Ng6 21. Bd4 gxf6 22. Bxf6 Bh6 23. Kh1 Nd7 24. Bd4 Nde5 25. b3 Qe7 26. Ne4 Rad8 27. Ng3 Nh4 28. Rde1 f6 29. Qf2 Qf7 30. fxe5 1-0

[Event "Oberliga Ost B 2023 2024"]
[Site "?"]
[Date "2023.12.03"]
[Round "3.2"]
[Board "3"]
[White "Clery, Nicolas"]
[Black "Haack, Kevin"]
[Result "1-0"]
[WhiteElo "2317"]
[BlackElo "2307"]
[PlyCount "83"]
[EventDate "2023.10.22"]
[EventType "team-tourn"]
[EventCountry "GER"]
[WhiteTeam "Moerlenbach Birkenau Freibauer"]
[BlackTeam "Hofheim SV II"]
[WhiteTeamCountry "GER"]
[BlackTeamCountry "GER"]

1. Nf3 Nf6 2. c4 e6 3. Nc3 Bb4 4. Qb3 c5 5. g4 d5 6. g5 dxc4 7. Qxc4 Nd5 8. Ne4 b6 9. a3 Ba5 10. b4 cxb4 11. Bb2 Ba6 12. Qc2 O-O 13. Nf6+ Nxf6 14. gxf6 g6 15. axb4 Bxb4 16. Qe4 Qd6 17. Ra4 Ba5 18. Bg2 Rc8 19. O-O Nc6 20. Qe3 Nb4 21. Ba3 Bb5 22. Qh6 Qf8 23. Qxf8+ Rxf8 24. Rxb4 Bxb4 25. Bxb4 Rfd8 26. Be7 Bxe2 27. Ra1 a5 28. Nd4 Rxd4 29. Bxa8 a4 30. Rc1 Bc4 31. d3 Ba6 32. Rc6 h5 33. Rd6 Rxd6 34. Bxd6 Bxd3 35. f4 h4 36. Kf2 Kh7 37. Ke3 Bf1 38. Bc6 b5 39. Be8 g5 40. Bxf7 gxf4+ 41. Kxf4 Bc4 42. Ke5 1-0

[Event "Oberliga Ost B 2023 2024"]
[Site "?"]
[Date "2023.12.03"]
[Round "3.2"]
[Board "4"]
[White "Plenca, Julijan"]
[Black "Legde, Georg"]
[Result "1-0"]
[WhiteElo "2412"]
[BlackElo "2296"]
[PlyCount "79"]
[EventDate "2023.10.22"]
[EventType "team-tourn"]
[EventCountry "GER"]
[WhiteTeam "Hofheim SV II"]
[BlackTeam "Moerlenbach Birkenau Freibauer"]
[WhiteTeamCountry "GER"]
[BlackTeamCountry "GER"]

1. e4 c6 2. d4 d5 3. f3 e6 4. Nc3 Qb6 5. Nge2 Nd7 6. a3 dxe4 7. Nxe4 Ngf6 8. N2c3 Be7 9. Bc4 O-O 10. Be3 Qc7 11. Qd2 b5 12. Bd3 a6 13. Qf2 Nd5 14. Nxd5 cxd5 15. Ng5 h6 16. Nh3 Nb6 17. Bf4 Bd6 18. Bxd6 Qxd6 19. O-O Bd7 20. f4 Nc4 21. b3 Nxa3 22. f5 exf5 23. Qf4 Qxf4 24. Nxf4 b4 25. Nxd5 Bb5 26. Nxb4 Bxd3 27. cxd3 Rfb8 28. Nc6 Rxb3 29. Rxf5 g6 30. Rf3 Kg7 31. Ne5 Ra7 32. d5 Re7 33. Raf1 Rb1 34. Rxb1 Nxb1 35. d4 Nd2 36. Rc3 f6 37. d6 Re6 38. d7 Rd6 39. Rc6 Rxd4 40. Rc7 1-0

[Event "Oberliga Ost B 2023 2024"]
[Site "?"]
[Date "2023.12.03"]
[Round "3.2"]
[Board "5"]
[White "Boehmer, Christian"]
[Black "Zude, Arno"]
[Result "0-1"]
[WhiteElo "2173"]
[BlackElo "2325"]
[PlyCount "98"]
[EventDate "2023.10.22"]
[EventType "team-tourn"]
[EventCountry "GER"]
[WhiteTeam "Moerlenbach Birkenau Freibauer"]
[BlackTeam "Hofheim SV II"]
[WhiteTeamCountry "GER"]
[BlackTeamCountry "GER"]

1. Nf3 d5 2. d4 Nf6 3. Bf4 c5 4. e3 Nc6 5. c3 Qb6 6. Qb3 c4 7. Qc2 Bf5 8. Qc1 h6 9. h3 e6 10. Nbd2 Be7 11. Be2 O-O 12. g4 Bg6 13. Rg1 Qd8 14. h4 Ne4 15. g5 hxg5 16. Nxg5 Nxg5 17. Bxg5 Bxg5 18. Rxg5 b5 19. f4 Ne7 20. Nf3 Nf5 21. Kf2 Nd6 22. Nd2 Kh8 23. Qh1 Bh7 24. Rag1 Rg8 25. Ke1 a5 26. Nf3 Nf5 27. Ne5 Qe8 28. h5 Nh6 29. Bf3 Bf5 30. Qg2 f6 31. Rxg7 Ra7 32. Rxg8+ Qxg8 33. Ng6+ Kh7 34. e4 dxe4 35. Bxe4 b4 36. Bxf5 Nxf5 37. Qe4 bxc3 38. bxc3 Kh6 39. d5 Ra6 40. Kf1 Rd6 41. Nf8 Qxf8 42. Rg6+ Kxh5 43. Rg1 Rxd5 44. Qe2+ Kh6 45. Qh2+ Nh4 46. Qxh4+ Rh5 47. Qg4 Qf7 48. Qe2 Qb7 49. Qe3 Rh2 0-1

[Event "Oberliga Ost B 2023 2024"]
[Site "?"]
[Date "2023.12.03"]
[Round "3.2"]
[Board "6"]
[White "Kostiukova, Liubov"]
[Black "Wrede, Michael"]
[Result "1/2-1/2"]
[WhiteElo "2228"]
[BlackElo "2179"]
[PlyCount "24"]
[EventDate "2023.10.22"]
[EventType "team-tourn"]
[EventCountry "GER"]
[WhiteTeam "Hofheim SV II"]
[BlackTeam "Moerlenbach Birkenau Freibauer"]
[WhiteTeamCountry "GER"]
[BlackTeamCountry "GER"]

1. e4 e6 2. d3 d5 3. Nd2 c5 4. Ngf3 Nc6 5. g3 g6 6. Bg2 Bg7 7. O-O Nge7 8. Re1 O-O 9. c3 b5 10. Qe2 b4 11. e5 Ba6 12. c4 Rc8 1/2-1/2

[Event "Oberliga Ost B 2023 2024"]
[Site "?"]
[Date "2023.12.03"]
[Round "3.2"]
[Board "7"]
[White "Schneider, Heiko"]
[Black "Brendel, Oliver"]
[Result "0-1"]
[WhiteElo "2150"]
[BlackElo "2279"]
[PlyCount "94"]
[EventDate "2023.10.22"]
[EventType "team-tourn"]
[EventCountry "GER"]
[WhiteTeam "Moerlenbach Birkenau Freibauer"]
[BlackTeam "Hofheim SV II"]
[WhiteTeamCountry "GER"]
[BlackTeamCountry "GER"]

1. e4 c5 2. Nf3 e6 3. d4 cxd4 4. Nxd4 Nc6 5. Nc3 Qc7 6. Be3 a6 7. Qd2 Nf6 8. O-O-O Bb4 9. f3 b5 10. Nb3 Bb7 11. Kb1 Rc8 12. a3 Be7 13. Bc5 O-O 14. Be2 Bxc5 15. Nxc5 Ne5 16. Nxb7 Qxb7 17. Qd4 Nc6 18. Qd6 b4 19. Na4 bxa3 20. Qxa3 d5 21. Rd3 dxe4 22. Nc5 Qb4 23. Nxe4 Nxe4 24. fxe4 Qxe4 25. Bf3 Qf5 26. Qa4 Ne5 27. Be4 Qf6 28. Rh3 h6 29. b3 Qf2 30. Qa1 Qc5 31. c4 Rb8 32. Rg3 f6 33. Rd1 Qxc4 34. Bc2 Rfc8 35. Qb2 Qb5 36. Rc1 a5 37. Qd4 Qd5 38. Qh4 Kh8 39. Rd1 Qc5 40. Rd2 Rb4 41. Qh5 a4 42. Qd1 Rbb8 43. Rd4 Nc4 44. Rd7 Na3+ 45. Kb2 Nxc2 46. Rgxg7 Qa3+ 47. Kb1 Qa1# 0-1

[Event "Oberliga Ost B 2023 2024"]
[Site "?"]
[Date "2023.12.03"]
[Round "3.2"]
[Board "8"]
[White "Kushka, Alena"]
[Black "Wohlfart, Paulus"]
[Result "1/2-1/2"]
[WhiteElo "2162"]
[BlackElo "2099"]
[PlyCount "22"]
[EventDate "2023.10.22"]
[EventType "team-tourn"]
[EventCountry "GER"]
[WhiteTeam "Hofheim SV II"]
[BlackTeam "Moerlenbach Birkenau Freibauer"]
[WhiteTeamCountry "GER"]
[BlackTeamCountry "GER"]

1. d4 d5 2. c4 dxc4 3. e4 e5 4. Nf3 exd4 5. Bxc4 Nc6 6. O-O Be6 7. Bb5 Bc5 8. Nbd2 Nge7 9. Nb3 Bxb3 10. Qxb3 O-O 11. Bg5 a6 1/2-1/2

[Event "Oberliga Ost B 2023 2024"]
[Site "?"]
[Date "2023.12.03"]
[Round "3.3"]
[Board "1"]
[White "Konopka, Michal"]
[Black "Popovics, Adam"]
[Result "0-1"]
[WhiteElo "2351"]
[BlackElo "2365"]
[PlyCount "40"]
[EventDate "2023.10.22"]
[EventType "team-tourn"]
[EventCountry "GER"]
[WhiteTeam "Schoeneck SF"]
[BlackTeam "Eppstein SVG"]
[WhiteTeamCountry "GER"]
[BlackTeamCountry "GER"]

1. Nf3 d5 2. d4 Nf6 3. c4 c6 4. Qb3 e6 5. Nbd2 c5 6. cxd5 exd5 7. g3 Nc6 8. dxc5 Bxc5 9. Bg2 O-O 10. O-O Re8 11. e3 a6 12. Qc2 Ba7 13. b3 Bg4 14. h3 Bh5 15. Bb2 Bg6 16. Qd1 Qe7 17. a3 Rad8 18. Re1 Ne4 19. Nh4 Nxf2 20. Nxg6 Qxe3 0-1

[Event "Oberliga Ost B 2023 2024"]
[Site "?"]
[Date "2023.12.03"]
[Round "3.3"]
[Board "2"]
[White "Berebora, Ferenc"]
[Black "Nazarenus, Moritz"]
[Result "1/2-1/2"]
[WhiteElo "2403"]
[BlackElo "2242"]
[PlyCount "58"]
[EventDate "2023.10.22"]
[EventType "team-tourn"]
[EventCountry "GER"]
[WhiteTeam "Eppstein SVG"]
[BlackTeam "Schoeneck SF"]
[WhiteTeamCountry "GER"]
[BlackTeamCountry "GER"]

1. d4 d5 2. c4 c6 3. e3 Nf6 4. Bd3 Bg4 5. Qb3 Qb6 6. Nc3 e6 7. Nge2 Nbd7 8. Bd2 Be7 9. h3 Bh5 10. Nf4 Bg6 11. Nxg6 hxg6 12. Qxb6 axb6 13. O-O dxc4 14. Bxc4 b5 15. Bd3 b4 16. Ne4 Nxe4 17. Bxe4 Rh5 18. a3 bxa3 19. bxa3 Rb5 20. Rab1 Rxb1 21. Rxb1 Ra7 22. a4 Kd8 23. Bc3 Kc8 24. Bc2 Kc7 25. Kf1 Nb6 26. Bb4 Bxb4 27. Rxb4 Nd5 28. Rc4 Nb6 29. Rb4 Nd5 1/2-1/2

[Event "Oberliga Ost B 2023 2024"]
[Site "?"]
[Date "2023.12.03"]
[Round "3.3"]
[Board "3"]
[White "Heinatz, Thomas"]
[Black "Doluhanova, Evgeniya"]
[Result "0-1"]
[WhiteElo "2256"]
[BlackElo "2162"]
[PlyCount "94"]
[EventDate "2023.10.22"]
[EventType "team-tourn"]
[EventCountry "GER"]
[WhiteTeam "Schoeneck SF"]
[BlackTeam "Eppstein SVG"]
[WhiteTeamCountry "GER"]
[BlackTeamCountry "GER"]

{[%evp 0,92,28,28,28,18,14,11,11,11,10,26,33,25,26,9,6,7,14,-1,14,-33,-23,-56,-23,-46,7,-3,-2,2,2,-6,22,1,19,14,49,35,67,8,8,35,19,34,34,33,51,46,50,32,40,27,63,52,70,60,53,33,23,23,44,44,67,13,17,0,0,0,0,-3,-6,-13,-17,-37,0,0,0,0,0,0,0,-19,0,0,0,-32,-32,-39,-39,-28,-21,-42,-124,-154,-146]} 1. e4 e5 2. Bc4 Nc6 3. Nc3 Nf6 4. d3 Bb4 5. Nge2 d5 6. exd5 Nxd5 7. O-O Be6 8. Bxd5 Bxd5 9. f4 O-O 10. f5 f6 11. Ng3 Bf7 12. Nce4 Re8 13. Qg4 Bf8 14. Be3 Nb4 15. Rf2 Nd5 16. Bd2 a5 17. a3 Ra6 18. Rd1 Rc6 19. c4 Nf4 20. Bxf4 exf4 21. Rxf4 Qd4+ 22. Rf2 Bd6 23. Nh5 Bxh5 24. Qxh5 Re7 25. Qf3 Rb6 26. Kh1 Rb3 27. Re2 Re5 28. Nxd6 cxd6 29. h3 h6 30. Rdd2 b5 31. cxb5 Rbxb5 32. Rxe5 Qxe5 33. Rf2 Kh7 34. Qe4 Rxb2 35. Rxb2 Qxb2 36. a4 h5 37. Kg1 Qc1+ 38. Kf2 Qd2+ 39. Kf3 Qd1+ 40. Kg3 Qd2 41. Kf3 Qd1+ 42. Kg3 d5 43. Qxd5 Qxa4 44. d4 Qb4 45. Qf3 Qd6+ 46. Kh4 Qxd4+ 47. g4 Kh6 0-1

[Event "Oberliga Ost B 2023 2024"]
[Site "?"]
[Date "2023.12.03"]
[Round "3.3"]
[Board "4"]
[White "Paschke, Mario"]
[Black "Marchio, Enrico"]
[Result "1-0"]
[WhiteElo "2167"]
[BlackElo "2268"]
[PlyCount "51"]
[EventDate "2023.10.22"]
[EventType "team-tourn"]
[EventCountry "GER"]
[WhiteTeam "Eppstein SVG"]
[BlackTeam "Schoeneck SF"]
[WhiteTeamCountry "GER"]
[BlackTeamCountry "GER"]

1. e4 d5 2. exd5 Nf6 3. d4 Nxd5 4. Nf3 g6 5. c4 Nb6 6. Nc3 Bg7 7. c5 Nd5 8. Bc4 Nxc3 9. bxc3 O-O 10. O-O b6 11. Re1 Nc6 12. Bg5 h6 13. Bh4 g5 14. Bxg5 hxg5 15. Nxg5 Bf5 16. Qh5 e6 17. Rxe6 Qxg5 18. Qxg5 fxe6 19. Re1 Na5 20. Rxe6 Bxe6 21. Bxe6+ Kh7 22. Qh5+ Bh6 23. Bf5+ Rxf5 24. Qxf5+ Kh8 25. Qe5+ Bg7 26. Qh5+ 1-0

[Event "Oberliga Ost B 2023 2024"]
[Site "?"]
[Date "2023.12.03"]
[Round "3.3"]
[Board "5"]
[White "Meyer, Kai Christian"]
[Black "Raab, Peter"]
[Result "1-0"]
[WhiteElo "2183"]
[BlackElo "2160"]
[PlyCount "55"]
[EventDate "2023.10.22"]
[EventType "team-tourn"]
[EventCountry "GER"]
[WhiteTeam "Schoeneck SF"]
[BlackTeam "Eppstein SVG"]
[WhiteTeamCountry "GER"]
[BlackTeamCountry "GER"]

1. d4 Nf6 2. Bg5 d5 3. Bxf6 exf6 4. e3 Bd6 5. c4 dxc4 6. Bxc4 O-O 7. Nc3 c6 8. Nf3 Nd7 9. Qc2 f5 10. O-O-O b5 11. Bd3 g6 12. h4 Nb6 13. e4 fxe4 14. Bxe4 Qf6 15. h5 Bg4 16. hxg6 fxg6 17. Bd3 Nd5 18. Nxd5 cxd5 19. Kb1 a6 20. Qc6 Kg7 21. Qxd5 Bxf3 22. gxf3 Rad8 23. Rxh7+ Kxh7 24. Qh5+ Kg8 25. Rg1 Rd7 26. Rxg6+ Kf7 27. Rg7+ Ke6 28. Qg4+ 1-0

[Event "Oberliga Ost B 2023 2024"]
[Site "?"]
[Date "2023.12.03"]
[Round "3.3"]
[Board "6"]
[White "Biegel, Thomas"]
[Black "Stockmann, Michael"]
[Result "1-0"]
[WhiteElo "1937"]
[BlackElo "2243"]
[PlyCount "63"]
[EventDate "2023.10.22"]
[EventType "team-tourn"]
[EventCountry "GER"]
[WhiteTeam "Eppstein SVG"]
[BlackTeam "Schoeneck SF"]
[WhiteTeamCountry "GER"]
[BlackTeamCountry "GER"]

1. c4 e6 2. Nf3 d5 3. d4 Nf6 4. g3 Bb4+ 5. Bd2 Be7 6. Bg2 dxc4 7. Qa4+ Nbd7 8. O-O a6 9. Qxc4 b5 10. Qc1 Bb7 11. Ba5 Rc8 12. Rd1 O-O 13. Ne5 Bxg2 14. Kxg2 Nb8 15. b4 Qd5+ 16. Kg1 Qb7 17. Nd2 Nd5 18. Qb2 f6 19. Nd3 Nc6 20. e4 Nb6 21. Nc5 Bxc5 22. dxc5 Na4 23. Qb3 Nd4 24. Qd3 Rcd8 25. Re1 f5 26. Nb3 fxe4 27. Qxe4 Nf3+ 28. Kh1 Rd5 29. Qxe6+ Kh8 30. c6 Qa7 31. Re3 Rd6 32. Rxf3 1-0